| 000 | 02230cam a22003015a 4500 | ||
|---|---|---|---|
| 001 | 17084075 | ||
| 005 | 20180227151739.0 | ||
| 008 | 111214s2011 enka frb f001 0 eng d | ||
| 020 | _a9780199583584 | ||
| 020 | _a0199583587 | ||
| 040 |
_aBTCTA _beng _cBTCTA _dYDXCP _dUKMGB _dITJCU _dBWX _dCUD _dNTE _dNGU _dCDX _dMUU _dDLC _dEG-ScBUE |
||
| 082 | 0 | 4 |
_222 _a333.7 _bSMI |
| 100 | 1 |
_aSmith, Stephen, _d1955 November 25- |
|
| 245 | 1 | 0 |
_aEnvironmental economics : _ba very short introduction / _cStephen Smith. |
| 260 |
_aOxford ; _aNew York : _bOxford University Press, _c2011. |
||
| 300 |
_axvi, 136 p. : _bill. ; _c18 cm. |
||
| 490 | 0 |
_aVery short introductions ; _v284 |
|
| 504 | _aIncludes bibliographical references and index. | ||
| 505 | 0 | _aThe economy and the environment -- The economic theory of efficient pollution control -- Environmental policy: instrument choice -- Economic information and values in environmental policy decisions -- The economics of climate change. | |
| 520 | _a"In this Very Short Introduction, Stephen Smith shows how the field of environmental economics looks at how economic activity and policy can affect the environment in which we live. The book discusses environmental issues including pollution control, reducing environmental damage, global climate change policies, questions about how we should balance environmental and economic considerations, and what form government policies should take. In recent years, Smith reveals, many economists have argued for greater use of incentives such as pollution charges and emissions trading rather than more traditional direct regulation of polluters. Including many illustrative case studies, this book offers an illuminating introduction to an exciting field of economics."--Publisher's website. | ||
| 650 | 7 |
_aEnvironmental economics. _2BUEsh _939339 |
|
| 651 | _2BUEsh | ||
| 653 |
_bGGEN _bBUSECO _cFebruary2018 |
||
| 856 | 4 | 2 |
_3Contributor biographical information _uhttp://www.loc.gov/catdir/enhancements/fy1213/2011275449-b.html |
| 856 | 4 | 2 |
_3Publisher description _uhttp://www.loc.gov/catdir/enhancements/fy1213/2011275449-d.html |
| 856 | 4 | 1 |
_3Table of contents only _uhttp://www.loc.gov/catdir/enhancements/fy1213/2011275449-t.html |
| 942 | _2ddc | ||
| 999 |
_c26192 _d26164 |
||